LEADER 00711nam a2200181 i 4500 001 000000259072 003 CaOOAMICUS 005 20180702000000.0 008 180702s1878 xx u000 u fre u 013 $a237980 040 $aSeMil$bita 245 10$aTome 2. 300 $a752 p. :$bill. 773 0 $aDaguin, Pierre-Adolphe <1814-1884>$tTraité élémentaire de physique théorique et expérimentale.$dParis : Librairie Ch. Delagrave, 1878-1879.$b4. éd. refondue et considérablement augmentée.$g2$w()5121 850 $aSeMil 852 $aSeMil$W1$xVenegono$y1$m3W IV 66 FA$j209417$B209417$CSeMilBibl$Z2$F223079 $8I 961 $aRecupero: Seminario di Seveso 996 $6245$aTome 2$9(OLS)http://semarc/title/1533 LEADER 00889nam a2200217 i 4500 001 000000126910 003 CaOOAMICUS 005 20040527000000.0 008 040527s1963 it u000 u ita u 013 $a99618 040 $aSeMil$bita 245 10$aCodice Penale :$bcommentato con la giurisprudenza e corredato delle leggi complementari /$ca cura di Massimo Severino. 250 $a[3a ed.]. 260 $aRoma :$bJandi Sapi,$c1963. 300 $aXIX, 780 p. 700 1 $aSeverino, Massimo.$0(OLS)http://semarc/name/52747 710 2 $aItalia.$0(OLS)http://semarc/name/915 850 $aSeMil 852 $aSeMil$W1$xVenegono$y1$m3L I 3$j81254$B81254$CSeMilBibl$Z2$F83380 $81 996 $6245$aCodice Penale :$bcommentato con la giurisprudenza e corredato delle leggi complementari$9(OLS)http://semarc/title/187211 996 $6260$aRoma :$bJandi Sapi$9(OLS)http://semarc/publisher/35116